| 000 | 00722cam a22002653a 4500 | ||
|---|---|---|---|
| 001 | 23534 | ||
| 003 | PGUSA | ||
| 005 | 20140828083513.0 | ||
| 008 | 071118s2007||||xxu|||||s|||||000 1 eng d | ||
| 040 |
_aPGUSA _beng |
||
| 042 | _adc | ||
| 050 | 4 | _aPS | |
| 100 | 1 |
_aGarrett, Randall, _d1927-1987 |
|
| 245 | 1 | 0 |
_a...Or Your Money Back _h[electronic resource] / _cRandall Garrett |
| 260 |
_bProject Gutenberg, _c2007 |
||
| 506 | _aPublic domain in the USA. | ||
| 516 | _aElectronic text | ||
| 653 | _aGambling -- Fiction | ||
| 653 | _aShort stories | ||
| 653 | _aLegal stories | ||
| 653 | _aScience fiction | ||
| 830 | 0 |
_aProject Gutenberg _v23534 |
|
| 856 | 4 | 0 | _uhttp://www.gutenberg.org/ebooks/23534 |
| 942 | _cEB | ||
| 999 |
_c252789 _d252789 |
||